| 000 | 00785nam a2200265Ia 4500 | ||
|---|---|---|---|
| 003 | GCL | ||
| 008 | 140319s9999 xx 000 0 ara d | ||
| 040 |
_aGCL / _cGCL |
||
| 082 | 0 | 4 |
_a150 _bر ا |
| 100 | 1 | _aروبن، برنت | |
| 245 | 1 | 0 |
_aالاتصال والسلوك الانسانى / _cروبن، برنت |
| 700 | 1 | _aنخبة من اعضاء قسم وسائل | |
| 260 |
_a[S.N] : _bمعهد الادارة العامة ، _c1991 |
||
| 300 | _a471 | ||
| 490 | _a | ||
| 650 | 0 | 4 | _aاللغات |
| 650 | 0 | 4 | _aعلم النفس |
| 650 | 0 | 4 | _aالعلاقات الانسانية |
| 650 | 0 | 4 | _aالسلوك |
| 650 | 0 | 4 | _aالمعلومات |
| 650 | 0 | 4 | _aالاتصال |
| 650 | 0 | 4 | _aوسائل الاعلام |
| 650 | 0 | 4 | _aاداب السلوك |
| 942 |
_2ddc _cBK |
||
| 999 |
_c30772 _d30772 |
||